Longman active study dictionary of english

Saved in:
Bibliographic Details
Format: Book
Language:English
Published: Essex : Longman , 1992
Tags: Add Tag
No Tags, Be the first to tag this record!

MARC

LEADER 00000nam a2200000 i 4500
001 1/23335
008 960712s1992 eng d
020 |a 0-582-06329-9 
035 |l 10022066 
040 |a GR-MY-UA  |b gre  |e aacr 
041 0 |a eng 
082 0 |a Π 423 
245 1 0 |a Longman active study dictionary of english 
260 |a Essex :   |b Longman ,   |c 1992 
300 |a 784 p. 
852 |a INST  |b CHIOS  |e 19960712  |h 423 LON  |p 005200003614  |q 005200003614  |t REF  |y 23 
909 |a Χ  |b 037182